000 00823nam a2200253 i 4500
001 000022462
003 DO-SdBNP
005 20250205124808.0
007 ta
008 101011s2005 dr r 000 0 spa d
020 _a9945410024
040 _aDO-SdBNP
_bspa
_cBNPHU
_erda
082 4 _bL925d
_222
100 1 _aLozano, Wilfredo
_d1950-
_eautor
_97126
245 1 4 _aLos dos PRD :
_braíces sociales y políticas de su presente crisis /
_cWilfredo Lozano.
264 _aSanto Domingo :
_bLetra Gráfica :
_bFLACSO,
_c2005.
300 _a103 páginas ;
_c23 cm.
336 _2rdacontent
_atexto
_btxt
337 _2rdamedia
_asin mediación
_bn
338 _2rdacarrier
_avolumen
_bnc
500 _aIncluye referencias bibliográficas y notas al pie de las páginas
590 _a inventariado, 2024/BT
942 _2ddc
_cLBS1
999 _c21960
_d21960